书目信息 |
| 题名: |
物理量测量
|
|
| 作者: | 袁长坤 主编 | |
| 分册: | ||
| 出版信息: | 北京 科学出版社 2014.12 |
|
| 页数: | 13,462页 | |
| 开本: | 24cm | |
| 丛书名: | ||
| 单 册: | ||
| 中图分类: | O4-34 | |
| 科图分类: | ||
| 主题词: | 物理量--测量--高等教育--教材 | |
| 电子资源: | ||
| ISBN: | 978-7-03-042654-3 | |
| 000 | 00945nam0 2200277 450 | |
| 001 | 0120151479253 | |
| 005 | 20170418141836.00 | |
| 010 | @a978-7-03-042654-3@dCNY49.00 | |
| 100 | @a20150116d2015 em y0chiy50 ea | |
| 101 | 0 | @achi |
| 102 | @aCN@b110000 | |
| 105 | @aak z 000yy | |
| 106 | @ar | |
| 200 | 1 | @a物理量测量@9wu li liang ce liang@f袁长坤[等]主编 |
| 205 | @a4版 | |
| 210 | @a北京@c科学出版社@d2014.12 | |
| 215 | @a13,462页@d24cm | |
| 300 | @a普通高等教育“十一五”国家级规划教材 | |
| 304 | @a主编还有:张静华,袁文峰,王家政 | |
| 330 | @a本书分章节介绍测量的不确定度与数据处理,力学量、热学量与波动特征测量,电磁学量测量,光学量测量,近代物理与综合性实验,设计性实验;书末附表还给了常用物理量表。 | |
| 333 | @a高校物理类相关专业师生 | |
| 606 | 0 | @a物理量@x测量@x高等教育@j教材 |
| 690 | @aO4-34@v5 | |
| 701 | 0 | @a袁长坤@9yuan chang kun@4主编 |
| 801 | 0 | @aCN@b人天书店@c20150122 |
| 905 | @b984541-44@dO4-34@e699=4@f4 | |
| 物理量测量/袁长坤[等]主编.-4版.-北京:科学出版社,2014.12 |
| 13,462页;24cm |
| 普通高等教育“十一五”国家级规划教材.-使用对象:高校物理类相关专业师生 |
| ISBN 978-7-03-042654-3:CNY49.00 |
| 本书分章节介绍测量的不确定度与数据处理,力学量、热学量与波动特征测量,电磁学量测量,光学量测量,近代物理与综合性实验,设计性实验;书末附表还给了常用物理量表。 |
| ● |
| 相关链接 |
|
|
|
|
正题名:物理量测量
索取号:O4-34/699=4
 
预约/预借
| 序号 | 登录号 | 条形码 | 馆藏地/架位号 | 状态 | 备注 |
| 1 | 984541 | 209845417 | 第二样本阅览室/ [索取号:O4-34/699=4] | 在馆 | |
| 2 | 984542 | 209845426 | 第三借阅区/ [索取号:O4-34/699=4] | 在馆 | |
| 3 | 984543 | 209845435 | 密集书库-物理学院/ [索取号:O4-34/699=4] | 在馆 | |
| 4 | 984544 | 209845444 | 第三借阅区/ [索取号:O4-34/699=4] | 在馆 |